000 00475nam a2200193Ia 4500
008 240510s9999 xx 000 0 und d
020 _a9781430224594
041 _aEng
082 _a005.269
082 _bM16
100 _aMARK ,DAVE & LAMARCHE, JEFF
245 0 _aBEGINNING I PHONE 3 DEVELOPMENT: Exploring the iPhone SDK
260 _bApress
260 _c2009
300 _a555 p.
650 _aMobile Application Developement
942 _2ddc
942 _cRBK
999 _c28430
_d28430
945 _a1
_bMadushi Gamage
_c1
_dMadushi Gamage